000 00747nam a22002291c 4500
001 a987691607
008 190320s2019 gw |||| 000u ger d
041 _ager
100 1 _aSalzborn, Samuel
245 0 0 _aRechtsextremismus :
_bErscheinungsformen und Erklärungsansätze
250 _a3., überarbeitete und erweiterte Auflage, Sonderausgabe für die Bundeszentrale für politische Bildung
264 _aBonn :
_bBundeszentrale für politische Bildung,
_c2019
300 _a183 Seiten
650 0 _aRechtsradikalismus
650 0 _aRechtspartei
651 0 _aEuropa
651 0 _aDeutschland
942 _cMG
040 _cRU-10907106
003 RU-10907106
999 _c52740
_d52740
490 0 _aSchriftenreihe / Bundeszentrale für politische Bildung
_v10282